<?xml version="1.0" encoding="UTF-8"?>
<collection xmlns="http://www.loc.gov/MARC21/slim">
 <record>
  <leader>05902nam a2200361 a 4500</leader>
  <controlfield tag="001">kal5167</controlfield>
  <controlfield tag="003">Gr-AtHEAL</controlfield>
  <controlfield tag="005">20160505121644.0</controlfield>
  <controlfield tag="006">m        d        </controlfield>
  <controlfield tag="008">160413s2015    gr      s           gre|c</controlfield>
  <datafield tag="020" ind1=" " ind2=" ">
   <subfield code="a">9789606030987</subfield>
  </datafield>
  <datafield tag="040" ind1=" " ind2=" ">
   <subfield code="a">GR-AtHEAL</subfield>
   <subfield code="b">gre</subfield>
   <subfield code="c">GR-AtHEAL</subfield>
  </datafield>
  <datafield tag="082" ind1="0" ind2="4">
   <subfield code="a">612.8</subfield>
   <subfield code="2">23</subfield>
  </datafield>
  <datafield tag="100" ind1="1" ind2=" ">
   <subfield code="a">Τριάρχου, Λάζαρος.</subfield>
   <subfield code="8">1673</subfield>
  </datafield>
  <datafield tag="245" ind1="1" ind2="0">
   <subfield code="a">Νευροβιολογικές βάσεις στην εκπαίδευση</subfield>
   <subfield code="h">[Ηλεκτρονικός πόρος] </subfield>
   <subfield code="b">Εισαγωγικές έννοιες νευροεπιστημών για ψυχολόγους και παιδαγωγούς</subfield>
   <subfield code="c">Τριάρχου, Λάζαρος ; Κριτικός αναγνώστης,Παναγής, Γεώργιος ; Τεχνική επιμέλεια,Κουμαρτζής, Νικόλαος ; Γλωσσική επιμέλεια,Κιοσέογλου, Νερίνα.</subfield>
  </datafield>
  <datafield tag="260" ind1=" " ind2=" ">
   <subfield code="a">Αθήνα :</subfield>
   <subfield code="b">Σύνδεσμος Ελληνικών Ακαδημαϊκών Βιβλιοθηκών,</subfield>
   <subfield code="c">c2015.</subfield>
  </datafield>
  <datafield tag="490" ind1=" " ind2=" ">
   <subfield code="a">Ακαδημαϊκά Ηλεκτρονικά Συγγράμματα και Βοηθήματα Κάλλιπος</subfield>
   <subfield code="8">40</subfield>
  </datafield>
  <datafield tag="520" ind1=" " ind2=" ">
   <subfield code="a">Το βιβλίο απευθύνεται σε προπτυχιακούς και μεταπτυχιακούς φοιτητές εκπαιδευτικής πολιτικής, ειδικής αγωγής και δια βίου μάθησης που διδάσκονται τις βασικές αρχές των νευροεπιστημών, με απώτερο στόχο να κατανοήσουν τους μηχανισμούς λειτουργίας και την οργάνωση του εγκεφάλου, από το νευρικό κύτταρο μέχρι το ολοκληρωμένο νευρικό σύστημα, ώστε να γεφυρώσουν τις οργανικές βάσεις της συμπεριφοράς με τις πιθανές εφαρμογές τους. Μπορεί να χρησιμοποιηθεί από ψυχολόγους, παιδαγωγούς και μη εξοικειωμένους φοιτητές και διδάσκοντες του χώρου των ανθρωπιστικών και κοινωνικών επιστημών. Τα κεφάλαια εξασφαλίζουν τη μέγιστη δυνατή σαφήνεια και συνάφεια για ένα ευρύ φάσμα αναγνωστών, παρέχουν κρίσιμη διεπιστημονική γνώση και τονίζουν σύγχρονα ερευνητικά ευρήματα που ανοίγουν το δρόμο σε νέα σύνορα και κατευθύνσεις της μάθησης και της διδασκαλίας. Δεδομένα και έννοιες μεταδίδονται καθαρά προκειμένου να βοηθηθούν οι φοιτητές στον προσανατολισμό τους. Τα περιεχόμενα και τα κεφάλαια δομούνται με λογική ροή της αφήγησης και κρατούν το βιβλίο ενημερωμένο σχετικά με τελευταίες έρευνες σε αυτόν τον ραγδαία εξελισσόμενο τομέα. Τα θέματα περιλαμβάνουν:- Αναφορά στα δομικά στοιχεία του εγκεφάλου και τα επίπεδα οργάνωσης του νευρικού συστήματος από το υποκυτταρικό έως το συμπεριφορικό επίπεδο- Μακροσκοπική και μικροσκοπική αρχιτεκτονική του φλοιού των εγκεφαλικών ημισφαιρίων, του κατεξοχήν apparatus της νόησης- Χαρακτηριστικά συνάψεων και συστήματα νευροδιαβιβαστών- Θεμελιώδεις έννοιες γενετικών καταβολών και επιγενετικών επιδράσεων στην ανάπτυξη και διευθέτηση νευρωνικών κυκλωμάτων- Συστήματα και μηχανισμούς που εμπλέκονται στη μάθηση και τις γλωσσικές λειτουργίες - Την ευπλαστότητα του εγκεφαλικού ιστού με ιδιαίτερη έμφαση στη δια βίου μάθηση - Εξελικτικές βάσεις νοημοσύνης, νόηση και νόημα - Βασική νευροπαθολογία γενετικών συνδρόμων με εφαρμογές στην ειδική αγωγή - Νευροβιολογία των προικισμένων ατόμων</subfield>
  </datafield>
  <datafield tag="650" ind1=" " ind2="0">
   <subfield code="a">Neurology, Learning &amp; Behavior Center</subfield>
   <subfield code="8">2780</subfield>
  </datafield>
  <datafield tag="653" ind1=" " ind2=" ">
   <subfield code="a">Εγκέφαλος και συμπεριφορά</subfield>
  </datafield>
  <datafield tag="653" ind1=" " ind2=" ">
   <subfield code="a">Εγκέφαλος και εκπαίδευση</subfield>
  </datafield>
  <datafield tag="653" ind1=" " ind2=" ">
   <subfield code="a">Νευροεκπαίδευση</subfield>
  </datafield>
  <datafield tag="653" ind1=" " ind2=" ">
   <subfield code="a">Νευροβιολογία</subfield>
  </datafield>
  <datafield tag="653" ind1=" " ind2=" ">
   <subfield code="a">Νευροεπιστήμες</subfield>
  </datafield>
  <datafield tag="653" ind1=" " ind2=" ">
   <subfield code="a">Ψυχολογία</subfield>
   <subfield code="a">Φυσιολογική ψυχολογία και νευροεπιστήμη</subfield>
   <subfield code="a">Νευροψυχολογία και νευρολογία</subfield>
  </datafield>
  <datafield tag="653" ind1=" " ind2=" ">
   <subfield code="a">Εκπαίδευση και επιστήμες της αγωγής</subfield>
  </datafield>
  <datafield tag="653" ind1=" " ind2=" ">
   <subfield code="a">Επιστήμες της ζωής</subfield>
   <subfield code="a">Μοριακές βιοεπιστημες</subfield>
   <subfield code="a">Νευροεπιστήμες</subfield>
  </datafield>
  <datafield tag="700" ind1="1" ind2=" ">
   <subfield code="a">Παναγής, Γεώργιος</subfield>
   <subfield code="e">Κριτικός αναγνώστης</subfield>
   <subfield code="8">1674</subfield>
  </datafield>
  <datafield tag="856" ind1="4" ind2="0">
   <subfield code="u">http://hdl.handle.net/11419/5167</subfield>
   <subfield code="z">Πλήρες Κείμενο - Full text</subfield>
  </datafield>
  <datafield tag="907" ind1=" " ind2=" ">
   <subfield code="a">.b25677573</subfield>
   <subfield code="b">12-06-18</subfield>
   <subfield code="c">29-07-16</subfield>
  </datafield>
  <datafield tag="949" ind1=" " ind2=" ">
   <subfield code="0">0</subfield>
   <subfield code="1">0</subfield>
   <subfield code="2">ddc</subfield>
   <subfield code="4">0</subfield>
   <subfield code="6">612_800000000000000_ΤΡΙ</subfield>
   <subfield code="7">0</subfield>
   <subfield code="8">KALL</subfield>
   <subfield code="8">515</subfield>
   <subfield code="d">2016-04-13</subfield>
   <subfield code="r">2016-04-13</subfield>
   <subfield code="w">2016-04-13</subfield>
   <subfield code="z">612.8 ΤΡΙ</subfield>
   <subfield code="o">SEAB KALLIPOS</subfield>
  </datafield>
  <datafield tag="998" ind1=" " ind2=" ">
   <subfield code="a">80</subfield>
   <subfield code="a">01</subfield>
   <subfield code="a">02</subfield>
   <subfield code="a">03</subfield>
   <subfield code="a">04</subfield>
   <subfield code="a">05</subfield>
   <subfield code="a">06</subfield>
   <subfield code="a">07</subfield>
   <subfield code="a">08</subfield>
   <subfield code="a">09</subfield>
   <subfield code="a">10</subfield>
   <subfield code="a">11</subfield>
   <subfield code="a">12</subfield>
   <subfield code="a">13</subfield>
   <subfield code="a">14</subfield>
   <subfield code="a">15</subfield>
   <subfield code="a">16</subfield>
   <subfield code="a">17</subfield>
   <subfield code="a">18</subfield>
   <subfield code="a">19</subfield>
   <subfield code="a">20</subfield>
   <subfield code="a">21</subfield>
   <subfield code="a">22</subfield>
   <subfield code="a">23</subfield>
   <subfield code="a">24</subfield>
   <subfield code="a">25</subfield>
   <subfield code="a">26</subfield>
   <subfield code="b">10-05-17</subfield>
   <subfield code="c">m</subfield>
   <subfield code="d">z  </subfield>
   <subfield code="e">-</subfield>
   <subfield code="f">gre</subfield>
   <subfield code="g">gr </subfield>
   <subfield code="h">0</subfield>
  </datafield>
  <datafield tag="942" ind1=" " ind2=" ">
   <subfield code="2">ddc</subfield>
   <subfield code="c">KALLIPOS</subfield>
  </datafield>
 </record>
</collection>
